[Event "XXXV Abierto Ciudad de Sevilla"]
[Site "?"]
[Date "2010.01.10"]
[Round "3"]
[White "Sgnaolin, Davide"]
[Black "Matamoros Franco, Carlos"]
[Result "0-1"]
[WhiteElo "2220"]
[BlackElo "2545"]
[Annotator "Matamoros,Carlos"]
[PlyCount "56"]
[EventDate "2010.01.08"]
[SourceDate "2010.01.08"]

{Comentarios de Matamoros para el Premio de Belleza} 1. e4 e6 2. d4 d5 3. Nd2
Nf6 4. e5 Nfd7 5. Ngf3 c5 6. c3 Nc6 7. Bd3 h6 $5 {#  Una jugada apenas
explorada en esta posición. Se ha practicado en menos del 1 por ciento de las
veces en clara desventaja a las preferidas 7...Db6 y 7...Ae7 que entre las dos
suman más de 2000 partidas.} ({Otra manera de preparar ...g5 es} 7... Be7 8.
O-O g5 {y ahora el blanco puede abrir la posición convenientemente con} 9. dxc5
$1 {y si ahora} Bxc5 10. Nb3 Be7 11. Re1 g4 12. Nfd4 Ncxe5 13. Bb5 {
y el blanco recuperará su peón con iniciativa}) 8. O-O g5 9. h3 ({
El boletín sugiere} 9. c4 g4 10. cxd5 exd5 11. e6 {si seguimos la variante con}
fxe6 12. Bg6+ Ke7 {Se produce una posición que debe ser divertida jugar con
ambos colores. El blanco tiene posibilidades de ataque y el negro se quedará
con una fuerte masa de peones centrales. ?Qué posición es preferible? Un libro
que explica la filosofía en clave de humor se titula 'Entran Platón y un
ornitorrinco en un bar...'. Aristóteles era amigo de Platón pero más amigo de
la verdad. Yo en cambio soy más amigo del ornitorrinco. Si me ponen a escoger
me quedo con la Francesa.  Para los curiosos: el camarero del bar le  pregunta
asombrado a Platón ?y eso?. Un desencantado Platón contesta, psss, en la
caverna se veía diferente.}) ({Si ahora} 9. dxc5 {como contra  7...Ae7} Bxc5
10. Nb3 {Ahora el alfil negro no tiene que retroceder a e7 ya que el peón de
g5 está defendido siendo muy interesante} Bf8 {
para presionar e5 con ...Ag7 y sigue en el aire la posibilidad de ...g4}) 9...
h5 $1 {#} 10. g4 {Esta jugada no es del agrado del boletín pero no se ve de
qué manera el blanco se puede enfrentar a ...g4 tras lo cual se derrumbaría su
centro, sin mencionar las posibilidades de ataque del negro contra el enroque
enemigo. Nota del boletinero: efectivamente 10.c4 no es ninguna mejora. Puede
ser interesante} (10. h4 gxh4 (10... g4 11. Ng5 Be7 12. f4 cxd4 13. Nb3 dxc3
14. bxc3 Nc5 15. Nxc5 Bxc5+ 16. Kh1 f5 17. exf6 Qxf6 18. f5) 11. Kh1 Qb6 (11...
cxd4 12. cxd4 h3 13. gxh3 Nxd4 14. Nxd4 Qh4 15. N2f3 Qxh3+ 16. Nh2 Nxe5 17.
Bb5+ Bd7 18. Bf4) 12. Qa4 Rg8 $15) 10... hxg4 11. hxg4 Qb6 12. Re1 {
Aquí consideré dos posibilidades para mantener la igualdad de peones:} (12. Qa4
Be7 13. Re1 Nf8 {con idea de ...Ad7 y 0-0-0 con juego complicado en el que no
me desagrada las posibilidades del negro.}) (12. Qb3 Qxb3 ({con el alfil en e7
(el negro ha movido su peón h a h5 en dos tiempos, esta posición se pudo dar
con 7...Ae7), es decir con el peón g defendido, sería bueno} 12... c4 13. Qxb6
axb6 $1 14. Bc2 b5 $1 15. a3 b4 $1) ({sin embargo el peón g no está defendido
así que el blanco está a tiempo de detener la ofensiva negra del flanco de
dama} 12... c4 13. Qxb6 axb6 14. Bc2 Be7 {hay que perder este tiempo} 15. a3 $1
b5 16. Rb1 $1) 13. axb3 cxd4 14. cxd4 f6 $5 {
con posición complicada en que me gustan las posibilidades dinámicas del negro}
) 12... cxd4 13. cxd4 Nxd4 14. Nxd4 ({si} 14. Nxg5 {
el negro insiste en presionar al peón de e5 con} Nc6 $1 {y a cualquier caballo
que se dirija a f3 el negro contesta con ...Db4. Una variante divertida que vi
durante la partida es} 15. Ngf3 Qb4 $1 16. g5 $2 Qg4+ 17. Kf1 Rh1+ 18. Ke2 Nd4+
19. Ke3 Bc5 $1 20. Rxh1 Nxf3+ 21. Ke2 Nfxe5+ 22. Ke1 Nxd3+ $19) 14... Qxd4 15.
Nb3 Qa4 $1 {manteniendo monitoreado al peón de g4} 16. Bxg5 {
de otra manera el negro tiene peón de más} Rg8 17. f4 Be7 18. Bh6 $1 ({
durante la partida me entretuve más de la cuenta con las variantes que siguen a
} 18. Bxe7 Qxf4 $1 {
se me ocurrió que la mejor defensa del blanco era entregar la dama con} 19. Bd6
$1 {#  porque si} Rxg4+ ({por eso calculé} 19... Qg3+ $1 20. Kf1 Rh8 $1 {
con idea de bascular la torre con jaque en h1-h2 seguido de mate en f2. La
dama no puede abandonar la diagonal d1-h5 por ...Df3+ seguido de ...Th1 mate.
El blanco no tiene defensa satisfactoria contra el ataque negro.}) 20. Qxg4
Qxg4+ 21. Kf2 {
me pareció que el blanco podría tener alguna compensación con su dama de más})
18... Bf8 19. Bg5 Rxg5 $1 {#} 20. fxg5 Qf4 {El negro rechaza la repetición y
confía en la delicada posición del rey blanco a pesar de tener prácticamente
todas las piezas que le quedan en la posición inicial.} 21. Rc1 ({
me preocupaba más} 21. Bb5 {a lo que pretendía seguir} Qg3+ 22. Kh1 ({es peor} 
22. Kf1 a6 23. Bxd7+ Bxd7 {
este alfil recién desarrollado amenaza un jaque mortal} 24. a4 Rc8 $1 {
la torre se quiere incorporar al ataque por la cuarta} 25. Rc1 Rxc1 26. Nxc1 (
26. Qxc1 $2 Qxb3) 26... Bc5 {con fuerte ataque}) 22... a6 23. Bxd7+ Bxd7 {
el alfil buscará la gran diagonal y la torre la columna h. Me parecía que el
negro tenía buenas posibilidades de ataque.}) ({era otra jugada natural} 21.
Kg2 Nxe5 {
con idea de ...Ad6, ...Dxg5, ...Cxg4. Parece que el negro tiene buena posición.
}) 21... Qg3+ 22. Kf1 ({Boletin: la alternativa es} 22. Kh1 Nxe5 23. Bb5+ Bd7
24. Bxd7+ Kxd7 25. Rc3 Qh4+ 26. Kg2 Qxg5 27. Qc1 Qg7 28. Rc7+ Kd8 29. Rxe5 Qxe5
30. Rxf7) 22... Nxe5 23. Bb5+ (23. Be2 Bb4 $17) ({Boletin: si} 23. Rxe5 Qxe5
24. Bb5+ Bd7 25. Bxd7+ Kxd7 26. Qf3 b6 $1 $19) 23... Bd7 24. Bxd7+ ({
durante la partida me parecía más fuerte} 24. Qe2 {
para controlar d3. Pensaba continuar} Qh3+ 25. Kg1 Nf3+ 26. Kf2 Nxe1 27. Bxd7+
Kxd7 28. Qb5+ Kd8 {ambos reyes están mal situados pero el negro es el que
tiene material de ventaja.}) 24... Kxd7 $1 {
para no perder un tiempo moviendo al caballo centralizado.} 25. Qe2 ({Boletin:
} 25. Rc3 Qf4+ 26. Kg1 Bb4 27. Rf1 Qxg5 28. Rg3 Rh8 $19) 25... Nd3 26. g6 {
con la esperanza de contragolpear en e6 en caso de que el negro capture la
calidad inmediatamente} (26. Red1 Nxc1 27. Rxc1 {
es parecido a la variante anterior tras 24. De2}) 26... Bb4 $1 27. Red1 fxg6 $1
{Por supuesto vi la matemáticamente más eficiente 27...Th8. La jugada de la
partida, que conduce al mismo resultado, además de parecerme elegante
(sacrifica una pieza y crea una amenza que no existía), satisface también mi
sentido del humor. Me pareció apropiado que el peón que quizo incordiar a mi
rey sea el último responsable de la caída del suyo.} 28. Qg2 Rf8+ {
El blanco abandona ante el mate inevitable} 0-1

[Event "XXV Abierto Ciudad de Sevilla"]
[Site "?"]
[Date "2010.01.14"]
[Round "7"]
[White "Fernandez-Martos Machado, Eduar"]
[Black "Bhat Vinay, S."]
[Result "0-1"]
[WhiteElo "2263"]
[BlackElo "2540"]
[PlyCount "38"]
[EventDate "2010.01.06"]
[SourceDate "2010.01.08"]

1. e4 e5 2. Nc3 Nf6 3. g3 Nc6 4. Bg2 Bc5 5. Nge2 a6 6. O-O h5 7. d3 {
se ha jugado 7.h3 y 7.h4} h4 {Diagrama #} 8. Be3 ({conocido era} 8. Bg5 hxg3 9.
Nxg3 (9. hxg3 Be7 10. d4 d6 11. d5 Nb8 12. Bd2 c6 13. dxc6 bxc6 14. Bg5 Ng4 $17
) 9... Be7 {1/2-1/2 Westermeier,A (2293)-Hiermann,D (2294)/Austria 2002}) 8...
Bxe3 9. fxe3 d6 $17 10. Nd5 Nxd5 11. exd5 Ne7 12. Qe1 Nf5 13. Qf2 Qg5 14. e4
hxg3 15. Nxg3 Nh6 16. h3 f6 17. Rae1 Nf7 18. Kh2 $2 (18. Qe3 Bxh3 19. Qxg5 Nxg5
$17) 18... Bxh3 19. Bxh3 Qg4 (19... Qg4 20. Qg2 Ng5) 0-1

[Event "XXV Abierto Ciudad de Sevilla"]
[Site "?"]
[Date "2010.01.14"]
[Round "7"]
[White "Lanzani, Mario"]
[Black "Pereira Figueroa, Manuel"]
[Result "1-0"]
[WhiteElo "2369"]
[BlackElo "2143"]
[PlyCount "59"]
[EventDate "2010.01.06"]
[SourceDate "2010.01.08"]

1. c4 e6 2. g3 d5 3. Nf3 c5 4. Bg2 Nc6 5. O-O Nf6 6. d4 Be7 7. dxc5 Bxc5 8. a3
a6 9. b4 Be7 10. Bb2 O-O 11. Qb3 dxc4 12. Qxc4 Bd7 (12... Qd5 13. Qxd5 Nxd5 14.
Rd1 b5 15. Nd4 Nxd4 16. Bxd4 Bb7 17. e4 Nf6 18. Nc3 Rac8 19. Rac1 Rfd8 $14) 13.
Rd1 Rc8 14. Qb3 Qc7 (14... Qb6 15. Nbd2 Rfd8 16. Rac1 Be8 17. Nc4 Qb5 $14) 15.
Nbd2 Rfd8 16. Rac1 Be8 17. Ne5 Qb8 18. Nxc6 (18. Ndf3 $14) 18... bxc6 $6 (18...
Bxc6 19. Bxc6 Rxc6 20. Rxc6 bxc6 21. Nf3 Rxd1+ 22. Qxd1 c5) 19. Bxf6 Bxf6 20.
Ne4 Rxd1+ 21. Qxd1 Be7 22. e3 (22. Nc5) 22... Qb6 $6 (22... a5) 23. Qd4 (23.
Nc5 a5 24. Rc4 axb4 25. axb4 $14) 23... Qb8 $2 (23... Qxd4 24. exd4 a5 25. Rc4
axb4 26. axb4 Ra8 $11) 24. Nc5 {Diagrama #} Qb6 $2 {quinta jugada de la dama} (
24... a5 25. bxa5 Rd8 26. Qc3 $16) 25. Nxe6 $18 Qxd4 26. Nxd4 c5 27. Nb3 c4 28.
Nc5 Bxc5 29. Rxc4 Rd8 30. Rxc5 1-0

[Event "XXV Abierto Ciudad de Sevilla"]
[Site "?"]
[Date "2010.01.14"]
[Round "7"]
[White "Berbatov, Kiprian"]
[Black "Muñoz Martin, Pablo"]
[Result "1-0"]
[WhiteElo "2455"]
[BlackElo "2255"]
[PlyCount "69"]
[EventDate "2010.01.06"]
[SourceDate "2010.01.08"]

1. e4 c5 2. Nf3 Nc6 3. d4 cxd4 4. Nxd4 Nf6 5. Nc3 e5 6. Ndb5 d6 7. Bg5 a6 8.
Na3 b5 9. Bxf6 gxf6 10. Nd5 Bg7 11. c3 f5 12. Bd3 Ne7 13. Nxe7 Qxe7 14. O-O d5
({la alternativa es} 14... Bb7 15. Re1 O-O 16. exf5 b4 (16... d5 17. Nc2 e4 18.
a4 bxa4 19. Rxa4 Qd7 20. f6 Bxf6 21. Bxe4 Qxa4 22. Qg4+ Kh8 23. Qf4 dxe4 24.
Qxf6+ Kg8 {1/2-1/2 Gachon,L (2315)-Tirard,H (2380)/France 1998}) 17. Nc2 bxc3
18. bxc3 d5 19. Rb1 e4 20. Nd4 Qc7 21. Bf1 Qxc3 {
1/2-1/2 Joecks,C (2370)-Bohnsack,R (2240)/Germany 1996}) 15. exf5 ({
apartándose de} 15. exd5 e4 16. Be2 O-O 17. Nc2 (17. Qd2 Bb7 18. Rad1 {
Meszaros,T (2216)-Horvath,L (2276)/Harkany 2000}) 17... Rd8 18. a4 bxa4 19.
Rxa4 Bb7 20. c4 {
0-1 Gabrielian,A (2459)-Riazantsev,A (2572)/chessassistantclub.com INT 2004})
15... e4 16. Be2 b4 17. Nc2 bxc3 18. bxc3 Bxc3 19. Ne3 {Diagrama #} (19. Qxd5
$5 Bb7 20. Qb3 Bxa1 21. Rxa1) 19... Bxa1 $2 (19... d4 20. Nd5 Qe5 21. Nxc3 dxc3
$11) 20. Qxa1 O-O 21. Nxd5 $16 Qg5 22. Nf6+ Kh8 23. Nd7+ Qg7 $2 (23... f6 24.
Nxf8 Bxf5 $16) 24. Nxf8 $18 Bxf5 25. g4 f6 26. Kh1 Bc8 27. g5 Bh3 28. Ne6 Bxe6
29. gxf6 Qf8 30. Rg1 Bf7 31. Rg7 Rc8 32. Qe5 Re8 33. Qf5 Bg6 34. Rxg6 hxg6 35.
Qh3+ 1-0

[Event "XXV Abierto Ciudad de Sevilla"]
[Site "?"]
[Date "2010.01.14"]
[Round "7"]
[White "Cabrera Trujillo, Jorge Juan"]
[Black "Torres Ventosa, Pedro Eugenio"]
[Result "1/2-1/2"]
[WhiteElo "2384"]
[BlackElo "2148"]
[PlyCount "76"]
[EventDate "2010.01.06"]
[SourceDate "2010.01.08"]

1. e4 d6 2. d4 Nf6 3. Nc3 e5 4. Nf3 Nbd7 5. Bc4 Be7 6. O-O O-O 7. Re1 c6 8. a4
b6 9. Ba2 a6 10. Bg5 Rb8 11. Qd3 b5 12. axb5 axb5 13. Ne2 c5 14. dxe5 Nxe5 15.
Nxe5 dxe5 16. Qxd8 Rxd8 $11 17. Nc3 Bb7 (17... c4) 18. Bxf6 (18. Nxb5 $14)
18... Bxf6 19. Nd5 Rd6 20. Red1 Kf8 21. Nxf6 Rxf6 22. Bd5 Ra6 23. Bxb7 Rxa1 24.
Rxa1 Rxb7 25. Kf1 Ke7 26. Ke2 g6 27. g4 g5 28. Ra6 f6 29. Rc6 c4 30. Kd2 Rd7+
31. Ke2 Rb7 32. h3 h6 33. f3 Kf7 34. Kd2 Rd7+ {Diagrama #} 35. Ke2 (35. Kc3 Rd1
36. Rc5 Rf1 37. Rxb5 Rxf3+ 38. Kxc4 Rxh3 39. Kd5 h5 40. gxh5 Rxh5 41. c4 g4 42.
Rb3 Rh3 43. Rb7+ Kg6 44. Rb8 Rh7 45. c5 g3 46. Rb3 Rh3 47. Rb8 Rh7 $11) 35...
Rb7 36. Rd6 Ke7 37. Rd5 Rb6 38. Rc5 Kd6 1/2-1/2

[Event "XXV Abierto Ciudad de Sevilla"]
[Site "?"]
[Date "2010.01.14"]
[Round "7"]
[White "Komljenovic, Davorin"]
[Black "Coimbra, Margarida"]
[Result "1-0"]
[WhiteElo "2431"]
[BlackElo "2109"]
[PlyCount "69"]
[EventDate "2010.01.06"]
[SourceDate "2010.01.08"]

1. d4 d5 2. c4 c6 3. Nf3 Nf6 4. Nc3 g6 5. Bg5 h6 6. Bh4 dxc4 7. e4 g5 8. Bg3 b5
9. Be2 Bb7 10. O-O Nbd7 11. Qc2 Nh5 12. Rad1 Nxg3 13. fxg3 Bg7 14. e5 O-O 15.
Ne4 c5 {Diagrama #} 16. Nxc5 $2 (16. Nexg5 f5 (16... hxg5 17. Nxg5 f5 18. Bxc4+
$1 bxc4 19. Qxc4+ Kh8 20. Rf4 $18) 17. Ne6 Be4 18. Qd2 Qb6 19. d5 $16) 16...
Nxc5 17. dxc5 Qc7 18. b4 Bxe5 $15 19. Nxe5 Qxe5 20. Bh5 Bd5 $2 (20... f5 $15)
21. Bxf7+ $2 (21. Rfe1 $18) 21... Rxf7 $2 (21... Bxf7 $19) 22. Rxf7 $2 (22.
Rfe1 $15) 22... Kxf7 $19 23. Qh7+ Ke8 24. Rf1 Qd4+ 25. Kh1 {Diagrama #} Bxg2+
$2 (25... Qd2 $19) 26. Kxg2 $11 Qd5+ 27. Kh3 $2 (27. Kg1) 27... g4+ $2 (27...
Kd7 $17) 28. Kxg4 Qg5+ 29. Kh3 Qh5+ 30. Kg2 Qd5+ 31. Rf3 (31. Kh3) 31... e5 $2
(31... a5 $17) 32. g4 $18 Rd8 33. c6 Qd2+ 34. Kh3 Rd3 35. Qg8+ 1-0

[Event "XXV Abierto Ciudad de Sevilla"]
[Site "?"]
[Date "2010.01.14"]
[Round "7"]
[White "Franco Ocampos, Zenon"]
[Black "Barrios Muñoz, Rafael"]
[Result "1-0"]
[WhiteElo "2535"]
[BlackElo "2152"]
[PlyCount "73"]
[EventDate "2010.01.06"]
[SourceDate "2010.01.08"]

1. c4 Nf6 2. Nc3 g6 3. e4 d6 4. d4 Bg7 5. Nf3 O-O 6. Be2 e5 7. d5 Nbd7 8. Bg5
h6 9. Bh4 a6 10. Nd2 Re8 11. f3 c5 12. a3 Rb8 13. Qc2 Nf8 14. b4 cxb4 15. axb4
b6 16. O-O Qc7 17. Bf2 N8d7 18. Nb3 Bf8 19. Qd2 Nh5 20. g3 f5 21. Bd3 f4 22. g4
Nhf6 23. Be2 g5 24. Rfc1 Qd8 25. Qd1 h5 26. h3 hxg4 27. hxg4 Kg7 28. Na4 Be7 {
Diagrama #} 29. c5 bxc5 30. bxc5 Nxc5 31. Naxc5 dxc5 32. Nxc5 Bxg4 $2 (32...
Rh8 33. Bxa6 Rh6 34. Bf1 $16) 33. fxg4 Bxc5 34. Rxc5 Nxe4 35. Rc6 $18 Rh8 36.
Qc2 Qxd5 37. Bf3 1-0

[Event "XXXV Abierto Ciudad de Sevilla"]
[Site "Round 6"]
[Date "2010.01.13"]
[Round "6"]
[White "Durao, Joaquim"]
[Black "Gutierrez Marin, Vicente"]
[Result "1-0"]
[WhiteElo "2043"]
[BlackElo "1802"]
[PlyCount "55"]
[EventDate "2010.??.??"]
[SourceDate "2010.01.08"]

{Comentarios de Spraggett para el Premio de Belleza} 1. e4 c5 2. Nf3 d6 3. d4
cxd4 4. Nxd4 Nf6 5. Nc3 a6 6. f4 {El sistema favorito de Durao} Nc6 7. Be3 e6
8. Qf3 Qc7 9. Bd3 $5 Nb4 {Conocido pero arriesgado} 10. O-O Nxd3 11. cxd3 b5
12. Rac1 Qd7 13. f5 $5 {Con la idea de abrir la posición} Bb7 (13... e5 14. Nb3
Bb7 15. Na5 {no es mucho mejor}) 14. fxe6 fxe6 15. Qh3 $1 Bc8 {
La posición crítica. ?Cómo continúa el blanco el ataque?} 16. a4 $1 {
!Durao ataca por los dos flancos!} bxa4 {Diagrama #} (16... b4 {no es mejor}
17. Nce2 {!} e5 18. Nf5 g6 19. Qh4) 17. Nxa4 $3 {
Un magnífico sacrificio que las negras no deben tomar} e5 (17... Qxa4 18. Rxf6
$3 {gana rapidamente} gxf6 19. Qh5+ $1 Ke7 20. Nc6+ Kd7 21. Qf7+) 18. Nf5 Qb7 (
{Otra vez las negras no deben comer el caballo} 18... Qxa4 19. Rxc8+ $3 Rxc8
20. Nxd6+ Bxd6 21. Qxc8+ Kf7 22. Qxh8) 19. Nb6 Bxf5 20. Qxf5 Rd8 {
Las negras han evitado lo peor, pero...} 21. Qe6+ {Jugada muy importante} Be7 {
Diagrama #} ({Las negras no escapan con} 21... Qe7 22. Qh3 $1 Qb7 23. Rxf6 $3
gxf6 24. Nd5 Qf7 25. Rc7 Rd7 26. Nxf6+ $1) 22. Rxf6 {
!Otro magnífico sacrificio!} gxf6 23. Nd5 {las amenazas son muy fuertes} Rb8 {
no es mejor} (23... Rf8 24. Rc7) (23... Rd7 24. Nxf6+ Kd8 25. Nxd7 Qxd7 26.
Bb6+ Ke8 27. Rc8+) 24. Nxf6+ Kd8 (24... Kf8 25. Bh6#) 25. Kh1 {
!Para amenazar Ab6 jaque!} ({es más corto} 25. Bd2 $1 Qb6+ 26. Kf1) 25... Bxf6
(25... Rf8 26. Bb6+ Qxb6 27. Qd7#) 26. Qxf6+ Kd7 27. Qf7+ Kd8 28. Bg5+ {
es mate en la próxima jugada} 1-0

[Event "XXV Abierto Ciudad de Sevilla"]
[Site "?"]
[Date "2010.01.14"]
[Round "7"]
[White "Hamdouchi, Hicham"]
[Black "Rizouk, Aimen"]
[Result "1-0"]
[WhiteElo "2601"]
[BlackElo "2532"]
[PlyCount "63"]
[EventDate "2010.01.06"]
[SourceDate "2010.01.08"]

1. e4 e5 2. Nf3 Nc6 3. Bb5 Nd4 4. Nxd4 exd4 5. Bc4 Nf6 6. O-O c6 7. d3 d6 8. c3
dxc3 9. Nxc3 Be7 10. Qf3 O-O 11. d4 Qb6 12. Qd3 d5 $6 13. exd5 Rd8 14. dxc6
Rxd4 15. Na4 Qd8 16. Qb3 b5 17. Qxb5 (17. Bxf7+ Kf8 18. Nc3 Rb4 19. c7 Qd6 (
19... Qxc7 20. Nd5 Nxd5 21. Qxd5 Bb7 22. Qf5 Bf6 23. Bb3 $16) 20. Rd1 Rxb3 21.
Rxd6 Rxc3 22. Rd8+ Kxf7 23. bxc3 Ne8 $11) 17... Bd6 (17... Qc7) 18. Be3 {
Diagrama #} Bxh2+ $1 (18... Rb8 19. Bxd4 Rxb5 20. Bxb5 Bxh2+ 21. Kxh2 Qxd4 22.
Kg1 $16) 19. Kh1 $2 (19. Kxh2 Ng4+ 20. Kg1 Qh4 21. Rfc1 Ba6 22. Qxa6 Rd2 23.
Bxf7+ Kh8 24. Bxd2 Qxf2+ 25. Kh1 Qh4+ $11) 19... Rh4 $6 (19... Rb8 $1 $19 20.
Qc5 Rh4 $19) 20. Rfd1 $2 (20. Bg5 Rh5 21. Be2 Ng4 22. Bxd8 Be5+ 23. Kg1 Bh2+
$11) 20... Bc7+ $2 (20... Qe7 $1 21. Bg5 Ng4 $1 22. Rd2 Bf4+ 23. Kg1 Bxg5 $19)
21. Kg1 Qe7 $11 (21... Qe8) 22. Bc5 Bh2+ 23. Kf1 Qc7 {Diagrama #} 24. Nb6 $2 (
24. Nc3 Bg4 25. f3) 24... axb6 $2 (24... Rb8 $19) 25. Bxb6 $16 Ba6 $2 (25...
Rxc4 26. Bxc7 Bxc7 27. Qxc4 Ba6 28. Rd4 $18) 26. Qxa6 $18 Qxc6 27. Bb5 Rxa6 28.
Rd8+ Qe8 29. Bxe8 Bc7 30. Bxc7 Rh1+ 31. Ke2 Re6+ 32. Kf3 1-0

[Event "XXV Abierto Ciudad de Sevilla"]
[Site "?"]
[Date "2010.01.14"]
[Round "7"]
[White "Razmyslov, Alexander"]
[Black "Spraggett, Kevin"]
[Result "1/2-1/2"]
[WhiteElo "2431"]
[BlackElo "2586"]
[PlyCount "88"]
[EventDate "2010.01.06"]
[SourceDate "2010.01.08"]

1. d4 Nf6 2. c4 e6 3. Nf3 c5 4. d5 exd5 5. cxd5 d6 6. Nc3 g6 7. e4 Bg7 8. h3
O-O 9. Bd3 a6 10. a4 Nh5 11. g4 Nf6 12. Bf4 Qe7 13. Kf1 (13. O-O h5 14. Bxd6
Qxd6 15. e5 Qd8 16. exf6 Bxf6 17. gxh5 Bxh3 18. hxg6 fxg6 19. Bxg6 Bxc3 20.
bxc3 Qf6 21. Be4 Qg7+ 22. Ng5 Qxg5+ 23. Kh2 Bxf1 24. Bh7+ Kxh7 25. Qxf1 Qf4+
26. Kh1 Qf3+ 27. Kg1 Rg8+ 28. Kh2 Qh5+ 29. Qh3 Qxh3+ {
0-1 Bader,A (1900)-Schaefers,A (1763)/Solingen 2005}) (13. Nd2 Nbd7 14. Nc4 Ne8
15. Qd2 Rb8 16. a5 Ne5 17. Nxe5 Bxe5 18. Bxe5 Qxe5 19. f4 Qe7 20. O-O-O b6 21.
axb6 Rxb6 22. g5 Rb4 23. h4 Bg4 24. Be2 Rd4 25. Qe3 Rxd1+ 26. Bxd1 Bxd1 27.
Rxd1 Ng7 28. e5 Nf5 29. Qd3 c4 30. Qd2 Rd8 31. Ne4 dxe5 32. d6 Qa7 33. fxe5 Qe3
34. Qxe3 Nxe3 35. Rd4 Ng4 36. Nf6+ Nxf6 37. exf6 h6 38. d7 {
1-0 Bonin,J (2400)-Allen,D/Philadelphia 1992}) 13... Nbd7 14. Qd2 h5 15. Bg5
Ne5 16. Nxe5 Qxe5 17. f3 Nh7 18. Be3 Bd7 19. Kg2 Rab8 20. a5 Rfe8 21. Ra3 Qe7
22. Rb3 Be5 23. Nd1 hxg4 24. hxg4 g5 {Diagrama #} 25. Rxh7 $6 (25. Rb6 Rec8 26.
Bc4 f6 27. b4 cxb4 28. Qxb4 $18) 25... Kxh7 26. Bxg5 f6 27. Bh4 Ba4 28. Rb6
Bxd1 29. Qxd1 $11 Kg7 30. Qe1 Bf4 31. e5 (31. b4) 31... Qxe5 32. Qxe5 Bxe5 33.
Bf5 Kf7 34. g5 fxg5 35. Bxg5 Kg7 36. f4 $6 Rf8 37. fxe5 Rxf5 $19 38. Bf6+ Kh7
39. Rxd6 Rg8+ 40. Kh3 {Diagrama #} Rf3+ $2 (40... Rh5+ 41. Bh4 Rxe5 42. Rd7+
Rg7 $19) 41. Kh4 $11 Rf4+ 42. Kh5 Rf5+ 43. Kh4 Rf4+ 44. Kh5 Rf5+ 1/2-1/2

[Event "XXV Abierto Ciudad de Sevilla"]
[Site "?"]
[Date "2010.01.14"]
[Round "7"]
[White "Hamdouchi, Adina-Maria"]
[Black "Morales Araujo, Francisco"]
[Result "1-0"]
[WhiteElo "2295"]
[BlackElo "2138"]
[PlyCount "75"]
[EventDate "2010.01.06"]
[SourceDate "2010.01.08"]

1. Nf3 f5 2. d3 d5 3. c4 d4 4. b4 c5 5. bxc5 Nc6 6. e3 e5 7. exd4 exd4 8. Nbd2
Bxc5 9. Nb3 Bb4+ 10. Bd2 Be7 11. g3 Bf6 12. Bg2 Nge7 13. O-O O-O 14. Re1 Ng6
15. Rb1 Qd6 16. c5 Qc7 17. Bg5 Qd8 18. Qc1 f4 $6 (18... Kh8) 19. Bxf4 (19. Bxf6
Qxf6 20. Qc4+ Kh8 21. Nbxd4 $16) 19... Nxf4 20. Qxf4 g5 21. Qe4 Bg7 (21... g4)
22. Nfd2 Nb4 23. Nc1 Qf6 24. Qe2 {Diagrama #} Bg4 $2 (24... Na6 $16) 25. f3 $18
Nc2 26. Ne4 Qe5 27. Qxc2 Bxf3 28. Nb3 g4 29. Nf2 Qh5 30. Bxf3 Rxf3 31. Nxd4 Rf6
32. Ne6 Rh6 33. Rxb7 Qxh2+ 34. Kf1 Rxe6 35. Rxg7+ Kxg7 36. Rxe6 Rf8 37. Qb2+
Kg8 38. Rf6 1-0

[Event "XXV Abierto Ciudad de Sevilla"]
[Site "?"]
[Date "2010.01.14"]
[Round "7"]
[White "Lemos, Damian"]
[Black "Pogorelov, Ruslan"]
[Result "1-0"]
[WhiteElo "2544"]
[BlackElo "2474"]
[PlyCount "60"]
[EventDate "2010.01.06"]
[SourceDate "2010.01.08"]

1. d4 Nf6 2. c4 e6 3. Nc3 Bb4 4. Qc2 O-O 5. a3 Bxc3+ 6. Qxc3 b6 7. Bg5 Bb7 8.
e3 d6 9. Ne2 Nbd7 10. Qd3 Re8 11. Nc3 Qe7 12. Rd1 h6 13. Bh4 Nf8 14. d5 Ng6 15.
Bg3 a5 16. Qc2 a4 17. Bd3 exd5 18. cxd5 Ra5 19. Bb5 Rea8 20. O-O h5 (20... Ne4)
21. h3 h4 22. Bh2 Ne4 23. Nxe4 Rxb5 24. Nc3 Rc5 $14 25. e4 Ba6 26. Rfe1 Bb5 27.
f4 Bd7 (27... Re8) 28. Qf2 Rca5 (28... Re8) 29. e5 {Diagrama #} dxe5 $2 (29...
Bf5) 30. f5 $18 Nf8 {ilegible} 1-0

[Event "XXV Abierto Ciudad de Sevilla"]
[Site "?"]
[Date "2010.01.14"]
[Round "7"]
[White "Mirzoev, Azer"]
[Black "Diogo, Vasco"]
[Result "1-0"]
[WhiteElo "2594"]
[BlackElo "2303"]
[PlyCount "106"]
[EventDate "2010.01.06"]
[SourceDate "2010.01.08"]

1. d4 d5 2. c4 c6 3. Nf3 Nf6 4. Qc2 g6 5. e3 Bf5 6. Qb3 Qb6 7. Nc3 dxc4 8. Bxc4
Qxb3 9. Bxb3 Bg7 10. Ng5 O-O 11. e4 Bc8 12. e5 Ne8 13. h4 h6 14. Nge4 Nc7 15.
h5 g5 16. Nxg5 (16. Bxg5 hxg5 17. h6 Bh8 18. Nxg5 $16) 16... hxg5 $2 (16... c5
17. Nf3 cxd4 18. Nxd4 Bxe5 $16) 17. h6 $18 Bf6 18. exf6 exf6 19. f4 Re8+ 20.
Kf2 g4 21. h7+ Kg7 22. Bxf7 $6 (22. Ne4) 22... Rh8 23. Bg8 Be6 24. f5 Bxg8 25.
hxg8=Q+ Rxg8 26. Bh6+ Kf7 27. Bf4 Nba6 28. Rh7+ Rg7 29. Rxg7+ Kxg7 30. Re1 Kf7
31. Rh1 Kg7 32. Rh4 Rd8 33. Rxg4+ Kf7 34. Ne4 (34. Ke3) 34... Ne8 35. Rh4 Kg8
36. Rg4+ Kf7 37. Bd2 c5 (37... Rd5) 38. Nc3 $6 (38. Rh4) 38... Rxd4 $6 (38...
Ng7) 39. Rxd4 cxd4 40. Nb5 $16 Nc5 41. Kf3 Nd3 42. b3 Ne5+ 43. Ke4 d3 44. Bf4
a6 45. Bxe5 axb5 46. Bc3 Nd6+ 47. Kf4 Ke7 48. g4 Kf7 49. Kf3 Ne8 50. Ke3 Ke7
51. Bd2 Kd6 52. Ke4 Kc5 53. a3 Kd6 {Diagrama # Ilegible} 1-0